Media convergence : (Record no. 19260)

MARC details
000 -LEADER
fixed length control field 00982cam a2200277 a 4500
001 - CONTROL NUMBER
control field 17251518
005 - DATE AND TIME OF LATEST TRANSACTION
control field 20150504110017.0
008 - FIXED-LENGTH DATA ELEMENTS--GENERAL INFORMATION
fixed length control field 120411s2012 enk frb 001 0 eng d
020 ## - INTERNATIONAL STANDARD BOOK NUMBER
International Standard Book Number 9780230228948 (pbk)
020 ## - INTERNATIONAL STANDARD BOOK NUMBER
International Standard Book Number 9780230228931 (hbk)
040 ## - CATALOGING SOURCE
Original cataloging agency UKMGB
Language of cataloging eng
Transcribing agency UKMGB
Modifying agency YDXCP
-- N15
-- BWX
-- OUN
-- DLC
-- EG-ScBUE
082 04 - DEWEY DECIMAL CLASSIFICATION NUMBER
Classification number 302.231
Item number MEI
Edition number 22
100 1# - MAIN ENTRY--PERSONAL NAME
Personal name Meikle, Graham,
Dates associated with a name 1965-
9 (RLIN) 37796
245 10 - TITLE STATEMENT
Title Media convergence :
Remainder of title networked digital media in everyday life /
Statement of responsibility, etc Graham Meikle, Sherman Young.
260 ## - PUBLICATION, DISTRIBUTION, ETC. (IMPRINT)
Place of publication, distribution, etc Basingstoke, England ;
-- New York :
Name of publisher, distributor, etc Palgrave Macmillan / Macmillan Publishers,
Date of publication, distribution, etc 2012.
300 ## - PHYSICAL DESCRIPTION
Extent vi, 242 p. ;
Dimensions 22 cm.
500 ## - GENERAL NOTE
General note Index : p. 231-242.
504 ## - BIBLIOGRAPHY, ETC. NOTE
Bibliography, etc Bibliography : p. 201- 230.
650 #7 - SUBJECT ADDED ENTRY--TOPICAL TERM
Topical term or geographic name as entry element Online social networks.
Source of heading or term BUEsh
9 (RLIN) 14611
650 #0 - SUBJECT ADDED ENTRY--TOPICAL TERM
Topical term or geographic name as entry element Multimedia communications
Source of heading or term BUEsh
9 (RLIN) 37797
651 ## - SUBJECT ADDED ENTRY--GEOGRAPHIC NAME
Source of heading or term BUEsh
653 ## - INDEX TERM--UNCONTROLLED
Resource For college Communication and mass media
Arrived date list May2015
655 ## - INDEX TERM--GENRE/FORM
Form subdivision
-- 34232
700 1# - ADDED ENTRY--PERSONAL NAME
Personal name Young, Sherman
9 (RLIN) 37798
942 ## - ADDED ENTRY ELEMENTS (KOHA)
Source of classification or shelving scheme Dewey Decimal Classification
Call number prefix 302.231 MEI
Holdings
Withdrawn status Item status Source of classification or shelving scheme Damaged status Not for loan Vendor Home library Current library Shelving location Date acquired Source of acquisition Cost, normal purchase price Serial Enumeration / chronology Total Checkouts Total Renewals Full call number Barcode Date last seen Date last borrowed Cost, replacement price Koha item type
    Dewey Decimal Classification     Alahram Central Library Central Library First floor 03/05/2015   194.00 331 1 1 302.231 MEI 000038098 15/07/2025 18/05/2015 242.50 Book - Borrowing